Amateur Football Teams of Overijssel - Statistics

General Stats
  • This quiz has been taken 7 times
  • The average score is 36 of 208
Answer Stats
Club % Correct
SV Zwolle
71%
AVC Heracles
57%
Barbaros
57%
Cvv Achilles
57%
DOS Kampen
57%
FC Ommen
57%
HVV Tubantia
57%
SC Lemele
57%
VV Lemelerveld
57%
VV SVI
57%
DVV Turkse Kracht
43%
Excelsior '31
43%
FC Ulu Spor
43%
JVC Dedemsvaart
43%
KSV BWO
43%
Oranje Nassau
43%
PH Almelo
43%
Quick '20
43%
RKSV NEO
43%
Rohda Raalte
43%
SV Bon Boys
43%
SV Colmschate '33
43%
SV Dalfsen
43%
SV Dedemsvaart
43%
SV Heeten
43%
SV Juliana '32
43%
SV Nieuw Heeten
43%
SVVN
43%
Vroomshoopse Boys
43%
vv ATC '65
43%
VV Berkum
43%
VV Holten
43%
VV Kampen
43%
Vv Rigtersbleek
43%
ZVV Blauw Wit '66
43%
ABS Bathmen
29%
AVC Luctor et Emergo
29%
BVV Borne
29%
CSV '28
29%
Enter Vooruit
29%
FC Berghuizen
29%
Go-Ahead Kampen
29%
HHC Hardenberg
29%
Hulzense Boys
29%
HVV Hengelo
29%
RKSV De Zweef
29%
RKVV STEVO
29%
SC Markelo
29%
SC Overwetering
29%
SC Rijssen
29%
SC Wesepe
29%
Sportclub Deventer
29%
SV Broekland
29%
SV Enter
29%
SV Gramsbergen
29%
SV Helios
29%
S.V. Nieuwleusen
29%
SV Raalte
29%
SV SDOL
29%
VV Den Ham
29%
VV Drienerlo
29%
VV Haaksbergen
29%
VV Hardenberg '85
29%
VV Heino
29%
VV Hoonhorst
29%
VV Lettele
29%
VV Vilsteren
29%
Wijhe '92
29%
WVF
29%
ZAC
29%
ZVV De Esch
29%
Zwolsche Boys
29%
Achilles '12
14%
Avanti Wilskracht
14%
AVC La Première
14%
Be Quick '28
14%
BSC Unisson
14%
BZSV de Blauwwitters
14%
cvv Sparta Enschede
14%
Dieze West
14%
DOS '37
14%
DSC
14%
DVV Davo
14%
DVV IJsselstreek
14%
DVV Sallandia
14%
EDON
14%
EFC PW 1885
14%
EMOS
14%
EVV Phenix
14%
FC Aramea
14%
FC Suryoye/Mediterraneo
14%
HTC
14%
IJVV
14%
Koninklijke UD
14%
KVV Losser
14%
RKSV VOGIDO
14%
SC Balkbrug
14%
SC Genemuiden
14%
SC Lutten
14%
SC Rouveen
14%
Sportclub Enschede
14%
Sportlust Vroomshoop
14%
SV Almelo
14%
SV De Lutte
14%
SV Giethoorn SE
14%
SV Haarle
14%
SV Mariënheem
14%
SV Rijssen
14%
SV Schalkhaar
14%
SVV '91
14%
SV Vasse
14%
SV Wilhelminaschool
14%
SVZW Wierden
14%
TVC '28
14%
TVO
14%
TVV
14%
USV Nieuwleusen
14%
VOSTA
14%
VSW
14%
VV Avereest
14%
VV Bergentheim
14%
VV De Gazelle
14%
VV DES
14%
v.v. EMMS
14%
VV Glanerbrug
14%
VV Hellendoorn
14%
VV KHC
14%
VV Kloosterhaar
14%
VV Mariënberg
14%
VV Rood Zwart
14%
VV Staphorst
14%
VV UD Weerselo
14%
Vv Victoria '28
14%
VV Wijthmen
14%
AJc '96
0%
ASC '62
0%
ASV '57
0%
DESZ
0%
DETO Twenterand
0%
De Tubanters 1897
0%
DKB
0%
DRC '12
0%
DSVD
0%
DTC '07
0%
DVV Go-Ahead
0%
ENC '09
0%
Enschedese Boys
0%
FC het Centrum
0%
FC Oldemarkt
0%
FC RDC
0%
GFC
0%
GVV Eilermark
0%
HFC Storica
0%
HSC '21
0%
Juventa '12
0%
KOSC
0%
LSV Lonneker
0%
MVV '29
0%
MVV '69
0%
Olde Veste '54
0%
RKSV Bornerbroek
0%
RKSV De Tukkers
0%
Saasveldia
0%
SCD '83
0%
SDC '12
0%
Sportclub Daarle
0%
Sportclub Overdinkel
0%
Sportlust Glanerbrug
0%
SV Blokzijl
0%
SVBS '77
0%
SV Delden
0%
SV Hector
0%
SV Steenwijkerwold
0%
SVV '56
0%
SV VENO
0%
SV Welsum
0%
SV Zalk
0%
UDI Enschede
0%
VC Fleringen
0%
VHK
0%
VV Bentelo
0%
VV Blankenham
0%
VV Bruchterveld
0%
VV Buurse
0%
VV Daarlerveen
0%
VV Diepenheim
0%
VV Hoeve Vooruit
0%
VV IJhorst
0%
VV Kuinre
0%
VV Langeveen
0%
VV Manderveen
0%
VV Oldenzaal
0%
VV Olympia '28
0%
VV Oranje Zwart
0%
VV Reutum
0%
VV RSC
0%
VV Scheerwolde
0%
VV 's-Heerenbroek
0%
VV Steenwijk
0%
VV Steenwijker Boys
0%
vv Twenthe
0%
VV Voorwaarts (Westerhaar)
0%
VV Willemsoord
0%
VV Wilsum
0%
VV WWV
0%
VV Zuid Eschmarke
0%
WVV '34
0%
Zenderen Vooruit
0%
No matching quizzes found
Score Distribution
Percent of People with Each Score
Percentile by Number Answered
Your Score History
You have not taken this quiz